000 00494nam a2200181Ia 4500
008 090124s9999 xx 000 0 und d
082 _b115893
100 _aखोत शकंुतला
245 _a भरतीची लाट
250 _a1
260 _c1973
300 _a83
600 _aखोत शकंुतला
630 _a भरतीची लाट
700 _aखोत शकंुतला
730 _a भरतीची लाट
942 _cBOOK
999 _c161984
_d161984